Statistics for 50 Most Valuable English Players

Click here to take the quiz!

General Stats

  • This quiz has been taken 65 times
    (34 since last reset)
  • The average score is 33 of 50

Answer Stats

RankValue (€)ClubPlayer% Correct
1€120MTottenham HotspurHarry Kane
100%
12€50MManchester UnitedHarry Maguire
96%
9€70MWest Ham UnitedDeclan Rice
91%
2€100MManchester CityJack Grealish
91%
10€70MBorussia DortmundJude Bellingham
91%
5€85MManchester UnitedMarcus Rashford
91%
8€75MChelseaMason Mount
91%
6€80MManchester CityPhil Foden
91%
7€75MLiverpoolTrent Alexander-Arnold
91%
11€65MArsenalBukayo Saka
87%
49€22MManchester UnitedDean Henderson
87%
4€90MManchester UnitedJadon Sancho
87%
13€50MLeicester CityJames Maddison
87%
29€30MManchester CityJohn Stones
87%
35€28MManchester CityKyle Walker
87%
3€90MManchester CityRaheem Sterling
87%
47€22MTottenham HotspurEric Dier
83%
18€40MAC MilanFikayo Tomori
83%
39€25MEvertonJordan Pickford
83%
16€45MChelseaReece James
83%
23€38MAS RomaTammy Abraham
83%
17€42MManchester UnitedLuke Shaw
78%
20€40MLeeds UnitedKalvin Phillips
74%
21€40MManchester UnitedAaron Wan-Bissaka
65%
22€38MChelseaBen Chilwell
65%
19€40MArsenalBen White
65%
15€45MEvertonDominic Calvert-Lewin
65%
14€50MManchester UnitedMason Greenwood
65%
31€30MAston VillaTyrone Mings
65%
38€25MWolvesConor Coady
61%
24€35MLeicester CityHarvey Barnes
61%
26€32MBrentfordIvan Toney
57%
25€32MSouthamptonJames Ward-Prowse
57%
27€32MAston VillaOllie Watkins
57%
34€30MLiverpoolCurtis Jones
52%
45€22MAston VillaDanny Ings
52%
36€28MArsenalEmile Smith Rowe
52%
28€32MChelseaCallum Hudson-Odoi
48%
41€25MBurnleyJames Tarkowski
48%
32€30MLiverpoolJoe Gomez
48%
30€30MTottenham HotspurDele Alli
43%
33€30MWest Ham UnitedJarrod Bowen
43%
48€22MLeeds UnitedPatrick Bamford
43%
46€22MManchester UnitedJesse Lingard
39%
42€25MEvertonBen Godfrey
30%
44€22MNewcastle UnitedCallum Wilson
30%
50€22MNorwich CityTodd Cantwell
30%
43€25MAston VillaEzri Konsa
26%
40€25MBrighton & Hove AlbionLewis Dunk
26%
37€25MEvertonMichael Keane
26%

Score Distribution

Percentile by Number Answered

Percent of People with Each Score

Your Score History

You have not taken this quiz since the last reset